<?xml version="1.0" encoding="UTF-8"?>
<record
    xmlns:xsi="http://www.w3.org/2001/XMLSchema-instance"
    xsi:schemaLocation="http://www.loc.gov/MARC21/slim http://www.loc.gov/standards/marcxml/schema/MARC21slim.xsd"
    xmlns="http://www.loc.gov/MARC21/slim">

  <leader>00903nam a22002657a 4500</leader>
  <controlfield tag="003">0</controlfield>
  <controlfield tag="005">20160609170527.0</controlfield>
  <controlfield tag="008">110223t        xxu||||| |||| 00| 0 eng d</controlfield>
  <datafield tag="037" ind1=" " ind2=" ">
    <subfield code="a">M16773</subfield>
    <subfield code="b">BIBLIO</subfield>
  </datafield>
  <datafield tag="040" ind1=" " ind2=" ">
    <subfield code="a">BUAC</subfield>
    <subfield code="b">Fr.</subfield>
    <subfield code="c">EPAC</subfield>
  </datafield>
  <datafield tag="082" ind1=" " ind2=" ">
    <subfield code="a">26.APE/DAN</subfield>
  </datafield>
  <datafield tag="100" ind1=" " ind2=" ">
    <subfield code="a">Gilles, K. M. DANDOGA</subfield>
    <subfield code="9">14944</subfield>
  </datafield>
  <datafield tag="245" ind1=" " ind2=" ">
    <subfield code="a">Contribution &#xE0; l'&#xE9;laboration d'une base de donn&#xE9;es pour l'analyse et la gestion environnementale des exploitations mini&#xE8;res</subfield>
    <subfield code="b">: Cas des d&#xE9;partements du Zou et des Collines</subfield>
  </datafield>
  <datafield tag="250" ind1=" " ind2=" ">
    <subfield code="a">EPAC ( APE)</subfield>
  </datafield>
  <datafield tag="260" ind1=" " ind2=" ">
    <subfield code="a">BUAC</subfield>
    <subfield code="b">EPAC</subfield>
    <subfield code="c">2007</subfield>
  </datafield>
  <datafield tag="300" ind1=" " ind2=" ">
    <subfield code="a">66 p</subfield>
    <subfield code="b">Couv. et ill. en coul.</subfield>
    <subfield code="c">30cm</subfield>
  </datafield>
  <datafield tag="500" ind1=" " ind2=" ">
    <subfield code="a">M&#xE9;m. (M. ) Chim. ; EPAC / UAC. : 2007</subfield>
  </datafield>
  <datafield tag="504" ind1=" " ind2=" ">
    <subfield code="a">R&#xE9;f. bibliogr.p 63- p 66 ; annexes</subfield>
  </datafield>
  <datafield tag="630" ind1=" " ind2=" ">
    <subfield code="a">MINERAIE</subfield>
    <subfield code="9">14945</subfield>
  </datafield>
  <datafield tag="650" ind1=" " ind2=" ">
    <subfield code="a">MINES</subfield>
    <subfield code="9">14946</subfield>
  </datafield>
  <datafield tag="650" ind1=" " ind2=" ">
    <subfield code="a">:MATIERES PREMIERES</subfield>
    <subfield code="9">14947</subfield>
  </datafield>
  <datafield tag="700" ind1=" " ind2=" ">
    <subfield code="a">ZEVOUNOU, Crepin</subfield>
    <subfield code="9">14948</subfield>
  </datafield>
  <datafield tag="710" ind1=" " ind2=" ">
    <subfield code="a">TOSSA, Cyriaque</subfield>
    <subfield code="9">14949</subfield>
  </datafield>
  <datafield tag="942" ind1=" " ind2=" ">
    <subfield code="c">THE</subfield>
  </datafield>
  <datafield tag="999" ind1=" " ind2=" ">
    <subfield code="c">49123</subfield>
    <subfield code="d">49123</subfield>
  </datafield>
  <datafield tag="952" ind1=" " ind2=" ">
    <subfield code="0">0</subfield>
    <subfield code="1">0</subfield>
    <subfield code="4">0</subfield>
    <subfield code="7">0</subfield>
    <subfield code="a">BEPAC</subfield>
    <subfield code="b">BEPAC</subfield>
    <subfield code="d">2011-02-23</subfield>
    <subfield code="e">Don</subfield>
    <subfield code="l">0</subfield>
    <subfield code="o">26.APE/DAN</subfield>
    <subfield code="p">M16773EPAC</subfield>
    <subfield code="r">2011-02-23 00:00:00</subfield>
    <subfield code="t">1</subfield>
    <subfield code="w">2011-02-23</subfield>
    <subfield code="y">THE</subfield>
    <subfield code="z">Pr&#xEA;t &#xE0; domicile</subfield>
  </datafield>
  <datafield tag="952" ind1=" " ind2=" ">
    <subfield code="0">0</subfield>
    <subfield code="1">0</subfield>
    <subfield code="4">0</subfield>
    <subfield code="7">0</subfield>
    <subfield code="a">BEPAC</subfield>
    <subfield code="b">BEPAC</subfield>
    <subfield code="d">2011-02-23</subfield>
    <subfield code="e">Don</subfield>
    <subfield code="l">0</subfield>
    <subfield code="o">26.APE/DAN</subfield>
    <subfield code="p">M16774EPAC</subfield>
    <subfield code="r">2011-02-23 00:00:00</subfield>
    <subfield code="t">2</subfield>
    <subfield code="w">2011-02-23</subfield>
    <subfield code="y">THE</subfield>
    <subfield code="z">Pr&#xEA;t &#xE0; domicile</subfield>
  </datafield>
  <datafield tag="952" ind1=" " ind2=" ">
    <subfield code="0">0</subfield>
    <subfield code="1">0</subfield>
    <subfield code="4">0</subfield>
    <subfield code="7">0</subfield>
    <subfield code="a">BEPAC</subfield>
    <subfield code="b">BEPAC</subfield>
    <subfield code="d">2011-02-23</subfield>
    <subfield code="e">Don</subfield>
    <subfield code="l">0</subfield>
    <subfield code="o">26.APE/DAN</subfield>
    <subfield code="p">M16775EPAC</subfield>
    <subfield code="r">2011-02-23 00:00:00</subfield>
    <subfield code="t">3</subfield>
    <subfield code="w">2011-02-23</subfield>
    <subfield code="y">THE</subfield>
    <subfield code="z">Pr&#xEA;t &#xE0; domicile</subfield>
  </datafield>
</record>
